Tilt the Iceberg (Record no. 11764)

MARC details
000 -LEADER
fixed length control field 00245nam a22000977a 4500
008 - FIXED-LENGTH DATA ELEMENTS--GENERAL INFORMATION
fixed length control field 200128b ||||| |||| 00| 0 eng d
020 ## - INTERNATIONAL STANDARD BOOK NUMBER
International Standard Book Number 9789389604832
100 ## - MAIN ENTRY--PERSONAL NAME
Personal name Philip Vasanthan
9 (RLIN) 7449
245 ## - TITLE STATEMENT
Title Tilt the Iceberg
260 ## - PUBLICATION, DISTRIBUTION, ETC. (IMPRINT)
Place of publication, distribution, etc. India
Name of publisher, distributor, etc. Buuks
Date of publication, distribution, etc. 2019
Holdings
Withdrawn status Lost status Source of classification or shelving scheme Damaged status Koha normalized classification for sorting Not for loan Home library Current library Shelving location Date acquired Total Checkouts Full call number Barcode Date last seen Date last checked out Price effective from Koha item type
    Dewey Decimal Classification   650_000000000000000   Good Samaritan School Library Good Samaritan School Library Management 01/28/2020 1 650 PHI15926 02/18/2020 01/29/2020 01/28/2020 BOOK
    Dewey Decimal Classification   650_000000000000000   Good Samaritan School Library Good Samaritan School Library Management 01/28/2020   650 PHI15927 01/28/2020   01/28/2020 BOOK

Powered by Koha